000 00692nam a2200229Ia 4500
003 OSt
005 20220927105223.0
006 a|||||r|||| 00| 0
007 ta
008 220926b |||||||| |||| 00| 0 eng d
024 _a188115
037 _cReference Collections
040 _aRTL
_cRTL
_beng
041 _2eng
_aeng
082 _a"X:77.44Q7.N9, N0/SC"
100 _aNaqvi Sayed Nawab Haider
_9371111
245 0 _aPide's research programme
_b An essay in academic management
260 _aIslamabad
_bPIDE
_c1990
300 _a"iii,181p"
_ccm.
942 _h"X:77.44Q7.N9, N0/SC"
_cCC
999 _c691348
_d691348